000 01765cam a22004814i 4500
003 PE-LiUPU
005 20250731165450.0
008 170605s2015 r 000 0 spa d
020 _a9783659090783
020 _a3659090786
035 _a(Sirsi) a204261
040 _aPE-LiUPU
_bspa
_cPE-LiUPU
_erda
082 0 4 _a001.42
_bP33
_223
100 1 _aPaz D'Agostino, María Julia de la
245 1 3 _aLa gestión de conocimiento en institutos de investigación
_bel caso de equipos de investigación de un instituto centrado en políticas públicas en Argentina /
_cMaría Julia de la Paz D'Agostino.
264 1 _aBerlin :
_bSchaltungsdienst Lange,
_c2015.
300 _a83 páginas :
_bilustraciones ;
_c22 centímetros
336 _atext
_2rdacontent
337 _aunmediated
_2rdamedia
338 _avolume
_2rdacarrier
504 _aBibliografía : páginas 63-66.
505 1 _aMarco teótico -- Metodología -- Análisis de los resultados obtenidos -- Conclusiones y recomendaciones -- Primeros pasos.
526 _aSEG44
526 _aSEG26
526 _aP151
526 _aP150
526 _aP149
526 _aP146
526 _aP145
526 _aP126
526 _aP125
526 _aP92
526 _aP75
526 _aP74
526 _aP27
526 _aP15
541 _g001-003381;
650 0 4 _aInvestigación.
650 0 4 _aMetodología -- Investigación.
596 _a1
942 _2ddc
_cBOOK
999 _a001.42 P33
_wDEWEY
_c20631
_i75994
_d20631
_f2021-11-4
_g5
_lCCODEBUL1
_mBUL
_p70.59
_q1
_r0
_sY
_tBOOK
_u2017-6-5
_xBIBLIOTECA
_PP33
_0COMPRA
_o.CIRCNOTE. Documento de alto precio.
_o.STAFF. Colección Ciencias de la Salud
980 _81
_gALBERTO SANCHEZ Responsable de Automatización